Zdravotné cvičenia z jogy

Uložené v:
Podrobná bibliografia
Hlavný autor: Schenková, Emília
Médium: Kniha
Jazyk:Slovak
Vydavateľské údaje: Bratislava Ekonóm 1997
Vydanie:2. vyd.
Predmet:
Tagy: Pridať tag
Žiadne tagy, Buďte prvý, kto otaguje tento záznam!

MARC

LEADER 00000nam a2200000 4500
001 c020243
005 20221214072443.7
020 |a 80-225-0894-2 
041 0 |a slo 
044 |a SK 
245 1 0 |a Zdravotné cvičenia z jogy  |c Emília Schenková 
250 |a 2. vyd. 
264 1 |a Bratislava  |b Ekonóm  |c 1997 
300 |a 64 s. 
610 2 0 |a telovýchova 
610 2 0 |a relaxácia 
100 1 |a Schenková, Emília